Fluid mechanics / (Record no. 189488)
[ view plain ]
| 000 -LEADER | |
|---|---|
| fixed length control field | 00957 a2200205 4500 |
| 003 - CONTROL NUMBER IDENTIFIER | |
| control field | Nust |
| 005 - DATE AND TIME OF LATEST TRANSACTION | |
| control field | 20221020103751.0 |
| 010 ## - LIBRARY OF CONGRESS CONTROL NUMBER | |
| LC control number | 2010481187 |
| 020 ## - INTERNATIONAL STANDARD BOOK NUMBER | |
| International Standard Book Number | 00240361061 |
| 040 ## - CATALOGING SOURCE | |
| Transcribing agency | Nust |
| 082 00 - DEWEY DECIMAL CLASSIFICATION NUMBER | |
| Classification number | 620.106,WHI |
| 100 1# - MAIN ENTRY--PERSONAL NAME | |
| Personal name | White, Frank M. |
| 9 (RLIN) | 3282 |
| 245 10 - TITLE STATEMENT | |
| Title | Fluid mechanics / |
| Statement of responsibility, etc. | Frank M. White. |
| 250 ## - EDITION STATEMENT | |
| Edition statement | 7th ed. |
| 260 ## - PUBLICATION, DISTRIBUTION, ETC. | |
| Place of publication, distribution, etc. | New York, N.Y. : |
| Name of publisher, distributor, etc. | McGraw Hill, |
| Date of publication, distribution, etc. | 2011. |
| 300 ## - PHYSICAL DESCRIPTION | |
| Extent | xv, 862 p. : |
| Other physical details | ill. ; |
| Dimensions | 25 cm.+ |
| Accompanying material | 1CD-ROM (4 3/4 in.) |
| 505 ## - FORMATTED CONTENTS NOTE | |
| Formatted contents note | Introduction (Page-1), Pressure Distribution in a Fluid (Page-65), Integral Relation for a Control Volume (Page-143), Differential Relations for Fluid Flow (Page-235), Dimensional Analysis and Similarity (Page-301), Viscous Flow In Ducts (Page-357), Flow Past Immersed Bodies (Page-669), Potential Flow and Computational Fluid Dynamics (Page-541), Comressible Flow (Page-623), Open Channel Flow (Page-715), Turbomachinery (Page-773), |
| 650 #0 - SUBJECT ADDED ENTRY--TOPICAL TERM | |
| Topical term or geographic name entry element | Fluid mechanics. |
| 942 ## - ADDED ENTRY ELEMENTS (KOHA) | |
| Source of classification or shelving scheme | |
| Koha item type | Book |
| Withdrawn status | Lost status | Source of classification or shelving scheme | Damaged status | Not for loan | Permanent Location | Current Location | Shelving location | Date acquired | Full call number | Barcode | Date last seen | Price effective from | Koha item type | Public note |
|---|---|---|---|---|---|---|---|---|---|---|---|---|---|---|
| Military College of Signals (MCS) | Military College of Signals (MCS) | General Stacks | 12/12/2016 | 620.106,WHI | MCS35161 | 12/08/2016 | 12/12/2016 | Book | Almirah No.27, Shelf No.3 |
